00843cam a2200217 a 450000100100000000500170001000800410002702000150006804000320008308200180011524500600013325000110019326001570020430000350036150400300039665000420042665000240046865000390049271000260053171000680055700001462320200929163857.0900226s1997 sp ab b 001 0 spa d a8477902763 aDO-SdBNPbspacBNPHUdBNPHU a307.76bC581h03aLa ciudad hispanoaméricana :bel sueño de un orden. a2a ed. aMadrid :bMinisterio de Fomento ;bCentro de Estudios Históricos de Obras Públicas y Urbanismo ;bMinisterio de Obras Públicas y Urbanismo,c1997. a303 p. :bil., mapas ;c30 cm. aBibliografías: 294-303. 4aUrbanismozAmérica LatinaxHistoria 4aBloques (urbanismo) 4aObras públicaszAmérica Latina1 aMinisterio de Fomento1 aCentro de Estudios Históricos de Obras Públicas y Urbanismo